All Cities and CDPs of Florida on a Map - Statistics

General Stats
  • This quiz has been taken 37 times
  • The average score is 169 of 954
Answers on the Map
Answers color-coded by a green-red scale on the quiz's map according to % correct below.
 
Answer Stats
Population City % Correct
89 Day
100%
71,599 Daytona Beach
100%
182,644 Fort Lauderdale
100%
141,149 Gainesville
100%
949,618 Jacksonville
100%
26,437 Key West
100%
442,244 Miami
100%
307,785 Orlando
100%
204,859 Port St. Lucie
100%
258,344 St. Petersburg
100%
196,181 Tallahassee
100%
385,288 Tampa
100%
194,001 Cape Coral
92%
117,435 Clearwater
92%
86,428 Fort Myers
92%
223,122 Hialeah
92%
54,319 Pensacola
92%
9,977 Cape Canaveral
83%
153,048 Hollywood
83%
79,191 Kissimmee
83%
112,614 Lakeland
83%
84,727 Melbourne
83%
82,897 Miami Beach
83%
111,598 Miami Gardens
83%
9,250 Palm Beach
83%
117,321 West Palm Beach
83%
97,436 Boca Raton
75%
134,403 Coral Springs
75%
61,098 Jupiter
75%
82,681 Largo
75%
134,713 Miramar
75%
60,182 North Miami
75%
119,751 Palm Bay
75%
80,201 Boynton Beach
67%
55,713 Bradenton
67%
114,626 Brandon
67%
13,932 Destin
67%
23,830 Jacksonville Beach
67%
19,117 Naples
67%
63,678 Ocala
67%
89,230 Palm Coast
67%
171,185 Pembroke Pines
67%
112,057 Pompano Beach
67%
54,851 Sarasota
67%
97,294 Sunrise
67%
25,466 Venice
67%
18,997 Cocoa
58%
11,354 Cocoa Beach
58%
49,242 Coral Gables
58%
37,791 DeLand
58%
93,700 Deltona
58%
13,068 Florida City
58%
12,447 Key Largo
58%
74,493 Lauderhill
58%
5,244 Okeechobee
58%
9,094 Orange Park
58%
61,366 Palm Harbor
58%
33,047 Panama City
58%
5,034 | 91,779 Plantation
58%
39,852 Plant City
58%
14,319 St. Augustine
58%
79,077 The Villages
58%
16,357 Vero Beach
58%
47,400 Winter Garden
58%
46,254 Altamonte Springs
50%
54,910 Apopka
50%
510 Bell
50%
57,829 Coconut Creek
50%
31,774 Dania Beach
50%
105,705 Davie
50%
86,856 Deerfield Beach
50%
66,846 Delray Beach
50%
75,871 Doral
50%
36,088 Dunedin
50%
36,948 Estero
50%
13,044 Fernandina Beach
50%
47,575 Fort Pierce
50%
80,737 Homestead
50%
80,241 Kendall
50%
14,805 Key Biscayne
50%
12,334 Lake City
50%
366 Lee
50%
27,011 Leesburg
50%
9,734 Marathon
50%
16,694 New Port Richey
50%
43,669 North Miami Beach
50%
16,469 Opa-locka
50%
13,314 Palmetto
50%
53,110 Pinellas Park
50%
60,625 Port Charlotte
50%
10,982 Sebring
50%
12,022 South Miami
50%
58,974 St. Cloud
50%
8,881 St. Pete Beach
50%
48,797 Titusville
50%
85,951 Town 'n' Country
50%
64,866 Wesley Chapel
50%
7,236 West Miami
50%
68,114 Weston
50%
29,805 Winter Park
50%
17,218 Zephyrhills
50%
10,587 Alachua
42%
13,505 Atlantic Beach
42%
40,234 Aventura
42%
16,742 Belle Glade
42%
53,665 Bonita Springs
42%
8,868 Brooksville
42%
685 Cedar Key
42%
43,033 Clermont
42%
7,308 Clewiston
42%
27,426 Crestview
42%
1,693 Cross City
42%
29,921 Ferry Pass
42%
20,923 Fort Walton Beach
42%
11,774 Gulfport
42%
41,210 Hallandale Beach
42%
7,127 Islamorada
42%
16,072 Lake Wales
42%
35,960 Lauderdale Lakes
42%
114,287 Lehigh Acres
42%
10,487 Lighthouse Point
42%
15,749 Marco Island
42%
58,701 Margate
42%
30,460 Miami Lakes
42%
13,856 Miami Springs
42%
15,797 Niceville
42%
44,790 North Lauderdale
42%
74,801 North Port
42%
3,551 Oakland
42%
44,321 Oakland Park
42%
43,073 Ormond Beach
42%
10,463 Palatka
42%
18,079 Panama City Beach
42%
34,673 Parkland
42%
6,863 Perry
42%
3,055 Port Richey
42%
19,600 Punta Gorda
42%
8,032 Quincy
42%
107,396 Riverview
42%
28,620 Ruskin
42%
17,070 Safety Harbor
42%
61,077 Sanford
42%
19,414 Seminole
42%
5,454 Siesta Key
42%
113,568 Spring Hill
42%
169 Springhill
42%
71,903 Tamarac
42%
26,721 Temple Terrace
42%
50,208 Winter Haven
42%
968 Anna Maria
33%
26,002 Apollo Beach
33%
9,654 Avon Park
33%
5,921 Bay Harbor Islands
33%
23,447 Brent
33%
11,178 Celebration
33%
4,853 Crawfordville
33%
45,427 Cutler Bay
33%
7,155 Dade City
33%
5,929 DeFuniak Springs
33%
12,328 Doctor Phillips
33%
3,005 Eagle Lake
33%
5,581 Fort Myers Beach
33%
257 Golf
33%
27,540 Haines City
33%
23,067 Hialeah Gardens
33%
1,988 Hillsboro Beach
33%
24,433 Hunters Creek
33%
2,377 Lake Placid
33%
42,202 Lake Worth Beach
33%
11,673 Lantana
33%
216 Layton
33%
2,910 Madison
33%
6,262 Marianna
33%
34,518 Merritt Island
33%
10,213 Milton
33%
16,327 Mount Dora
33%
7,210 Neptune Beach
33%
42,719 North Fort Myers
33%
13,158 North Palm Beach
33%
47,336 Ocoee
33%
14,933 Oldsmar
33%
40,059 Oviedo
33%
24,684 Pace
33%
24,445 Palmetto Bay
33%
26,868 Palm Springs
33%
6,253 Pembroke Park
33%
18,385 Pinecrest
33%
69,309 Poinciana
33%
62,621 Port Orange
33%
3,361 Port St. Joe
33%
25,034 Sebastian
33%
12,851 South Daytona
33%
1,471 South Palm Beach
33%
15,619 South Venice
33%
30,952 Sun City Center
33%
5,681 Surfside
33%
54,212 Tamiami
33%
59,480 The Hammocks
33%
6,582 Treasure Island
33%
3,741 Umatilla
33%
61,609 Wellington
33%
25,952 Westchase
33%
11,433 Wilton Manors
33%
3,029 Windermere
33%
38,357 Winter Springs
33%
588 Yankeetown
33%
235 Yeehaw Junction
33%
92,452 Alafaya
25%
15,602 Auburndale
25%
3,092 Bal Harbour
25%
19,562 Bartow
25%
23 Bay Lake
25%
25,541 Bellview
25%
922 Bristol
25%
1,712 Century
25%
28,178 Citrus Park
25%
34,398 Cooper City
25%
9,344 Davenport
25%
22,185 DeBary
25%
32,344 East Lake
25%
23,113 Edgewater
25%
36,644 Egypt Lake-Leto
25%
1,987 El Portal
25%
23,209 Eustis
25%
356 Everglades
25%
29,142 Fleming Island
25%
56,381 Four Corners
25%
32,143 Fruit Cove
25%
776 Garden Grove
25%
2,913 Geneva
25%
958 Golden Beach
25%
25,321 Golden Gate
25%
44,016 Greenacres
25%
1,754 Havana
25%
4,297 Highland Beach
25%
250 Highland Park
25%
2,299 Homosassa
25%
58,101 Horizon West
25%
24,557 Immokalee
25%
85 Indian Creek
25%
9,023 Indian Harbour Beach
25%
1,192 Indian Shores
25%
405 Jupiter Inlet Colony
25%
811 Jupiter Island
25%
36,536 Kendall West
25%
5,060 Kenneth City
25%
787 Key Colony Beach
25%
25,211 Keystone
25%
15,977 Lady Lake
25%
16,833 Lake Mary
25%
35,929 Land O' Lakes
25%
34 Lazy Lake
25%
15,097 Longwood
25%
23,707 Lutz
25%
916 Mexico Beach
25%
11,565 Miami Shores
25%
13,846 Minneola
25%
8,002 Miramar Beach
25%
40,817 Navarre
25%
8,159 North Bay Village
25%
3,506 North Brooksville
25%
1,431 North Key Largo
25%
7,312 Ormond-By-The-Sea
25%
59,176 Palm Beach Gardens
25%
1,197 Palm Shores
25%
21,827 Palm Valley
25%
66,111 Pine Hills
25%
23,474 Port St. John
25%
39,308 Princeton
25%
37,592 Riviera Beach
25%
27,683 Rockledge
25%
39,441 Royal Palm Beach
25%
1,294 San Antonio
25%
5,385 Sawgrass
25%
4,311 South Brooksville
25%
7,604 Southwest Ranches
25%
6,799 St. Augustine Beach
25%
17,432 Stuart
25%
22,342 Sunny Isles Beach
25%
19,365 Sweetwater
25%
6,163 Tequesta
25%
3,836 Tierra Verde
25%
45,284 | 50,893 University
25%
28,020 Vero Beach South
25%
2,362 Virginia Gardens
25%
15,218 Warrington
25%
56,384 Westchester
25%
25,934 West Melbourne
25%
15,131 West Park
25%
21,019 West Pensacola
25%
15,807 Wildwood
25%
22,117 World Golf Village
25%
1,023 Allentown
17%
2,333 Apalachicola
17%
7,424 Arcadia
17%
1,398 Baldwin
17%
4,281 Belleair
17%
4,521 Big Pine Key
17%
3,121 Biscayne Park
17%
2,768 Bonifay
17%
2,390 Bowling Green
17%
908 Bradenton Beach
17%
19,183 Bradfordville
17%
1,509 Buckhead Ridge
17%
3,134 Bushnell
17%
344 Canal Point
17%
34,352 Carrollwood
17%
28,775 Casselberry
17%
867 Center Hill
17%
2,330 Chiefland
17%
3,661 Chipley
17%
5,939 Cocoa West
17%
49,967 Country Club
17%
3,554 Crystal River
17%
13,727 Cypress Lake
17%
3,002 Dade City North
17%
1,936 Dunnellon
17%
28,050 East Lake-Orient Park
17%
2,614 Eastpoint
17%
23,817 Ensley
17%
1,180 Fanning Springs
17%
5,161 Flagler Beach
17%
21,302 Florida Ridge
17%
14,623 Forest City
17%
5,100 Fort Meade
17%
617 Fort White
17%
59,870 Fountainebleau
17%
6,021 Freeport
17%
3,211 Frostproof
17%
8,377 Fruitland Park
17%
32,499 Golden Glades
17%
14,586 Gonzalez
17%
3,392 Goulding
17%
460 Greensboro
17%
18,515 Groveland
17%
6,298 Gulf Breeze
17%
7,340 Gulf Gate
17%
9,284 Hernando
17%
12,355 Highland City
17%
6,222 High Springs
17%
24,939 Holiday
17%
14,283 Homosassa Springs
17%
166 Horseshoe Beach
17%
1,642 Howey-in-the-Hills
17%
3,674 Indian Rocks Beach
17%
1,481 Inglis
17%
7,543 Inverness
17%
16,908 Iona
17%
526 Jay
17%
12,572 Jupiter Farms
17%
55,646 Kendale Lakes
17%
4,965 Labelle
17%
25 Lake Buena Vista
17%
7,142 Lake Lorraine
17%
510 Lake Mystic
17%
31,275 Lakeside
17%
6,193 Lauderdale-by-the-Sea
17%
12,186 Laurel
17%
587 Laurel Hill
17%
26,324 Leisure City
17%
23,759 Liberty Triangle
17%
157 Limestone
17%
1,316 Limestone Creek
17%
6,737 Live Oak
17%
7,506 Longboat Key
17%
3,896 Madeira Beach
17%
19,538 Maitland
17%
12,699 Mango
17%
6,610 Mascotte
17%
43,790 Meadow Woods
17%
1,064 Medley
17%
3,230 Melbourne Beach
17%
12,881 Middleburg
17%
1,524 | 19,567 | 3,548 Midway
17%
1,296 Molino
17%
2,591 Monticello
17%
1,565 Moore Haven
17%
17,224 Myrtle Grove
17%
7,378 Newberry
17%
30,254 New Smyrna Beach
17%
22,503 Nocatee
17%
23,033 Northdale
17%
8,566 North Merritt Island
17%
31,034 Oakleaf Plantation
17%
25,062 Oak Ridge
17%
8,080 Odessa
17%
12,668 On Top of the World
17%
5,523 Pahokee
17%
25,883 Palm City
17%
822 Penney Farms
17%
119 Plantation Island
17%
11,188 Progress Village
17%
35,884 Richmond West
17%
6,385 Sanibel
17%
12,521 Sarasota Springs
17%
36,770 South Miami Heights
17%
5,355 South Pasadena
17%
2,380 St. Leo
17%
187 Sumatra
17%
15,912 Sunset
17%
25,140 Tarpon Springs
17%
18,999 Tavares
17%
41,654 The Acreage
17%
2,019 Trenton
17%
37,895 Valrico
17%
4,893 Wauchula
17%
792 Webster
17%
23,428 Wekiwa Springs
17%
34,128 West Little River
17%
26,277 Wright
17%
14,195 Yulee
17%
4,985 Zephyrhills South
17%
1,729 Zolfo Springs
17%
493 Alford
8%
492 Altha
8%
1,143 Archer
8%
320 Aripeka
8%
11,036 Asbury Lake
8%
1,890 Astatula
8%
2,124 Atlantis
8%
6,242 Ave Maria
8%
4,467 Bagdad
8%
6,541 Balm
8%
9,852 Bardmoor
8%
88 Bascom
8%
5,021 Bay Hill
8%
26,713 Bayonet Point
8%
3,106 Bay Pines
8%
45 Bayport
8%
14,482 Bellair-Meadowbrook Terrace
8%
1,634 Belleair Beach
8%
2,316 Belleair Bluffs
8%
77 Belleair Shore
8%
7,276 Belle Isle
8%
5,518 Belleview
8%
348 Berrydale
8%
474 Beverly Beach
8%
2,869 Big Coppitt Key
8%
9,848 Bithlo
8%
1,195 Black Hammock
8%
22,947 Bloomingdale
8%
2,266 Blountstown
8%
714 Branford
8%
503 Briny Breezes
8%
1,140 Bronson
8%
320 Brooker
8%
4,658 Brookridge
8%
528 Brownsdale
8%
30,251 Buenaventura Lakes
8%
3,289 Bunnell
8%
4,978 Butler Beach
8%
1,524 Callahan
8%
13,054 Callaway
8%
2,610 Campbell
8%
193 Campbellton
8%
2,619 Carrabelle
8%
306 Caryville
8%
3,784 Charlotte Harbor
8%
2,960 Chattahoochee
8%
12,522 Cheval
8%
2,439 Christmas
8%
457 Cinco Bayou
8%
136 Cloud Lake
8%
78 Cobbtown
8%
651 Coleman
8%
13,596 Conway
8%
23,142 Coral Terrace
8%
848 Cottondale
8%
16,951 Country Walk
8%
844 Crescent Beach
8%
1,659 Crescent City
8%
1,268 Crystal Springs
8%
2,019 Cudjoe Key
8%
10,169 Cypress Gardens
8%
5,117 Daytona Beach Shores
8%
3,266 Dover
8%
727 Duck Key
8%
5,237 Dundee
8%
1,573 East Palatka
8%
2,341 Eatonville
8%
236 Ebro
8%
2,691 Edgewood
8%
14,573 Elfers
8%
20,800 Englewood
8%
340 Esto
8%
4,830 Fellsmere
8%
24,625 Fish Hawk
8%
1,076 Five Points
8%
3,540 Flagler Estates
8%
5,261 Floral City
8%
319 Floridatown
8%
18,566 Gibsonton
8%
216 Glen Ridge
8%
468 Glen St. Mary
8%
13,431 Goldenrod
8%
2,155 Graceville
8%
885 Grand Ridge
8%
4,504 Grant-Valkaria
8%
9,782 Green Cove Springs
8%
747 Greenville
8%
544 Greenwood
8%
1,287 Gretna
8%
955 Gulf Stream
8%
463 Hampton
8%
1,262 Hastings
8%
2,176 Haverhill
8%
1,485 Hawthorne
8%
2,452 Hernando Beach
8%
248 Hillcrest Heights
8%
2,961 Hilliard
8%
2,212 Hill 'n Dale
8%
13,163 Hobe Sound
8%
2,484 Holley
8%
12,969 Holly Hill
8%
3,010 Holmes Beach
8%
12,944 Hudson
8%
2,688 Hypoluxo
8%
3,015 Indialantic
8%
4,246 Indian River Shores
8%
6,556 Indiantown
8%
1,425 Interlachen
8%
25,005 Ives Estates
8%
217 Jacob City
8%
21,525 Jasmine Estates
8%
3,633 Jasper
8%
748 Jennings
8%
3,854 Juno Beach
8%
6,486 Kathleen
8%
1,442 Keystone Heights
8%
313 La Crosse
8%
6,521 Lake Alfred
8%
1,979 | 18,851 Lake Butler
8%
3,568 Lake Clarke Shores
8%
1,539 Lake Hamilton
8%
2,842 Lake Helen
8%
12,187 Lakeland Highlands
8%
30,742 Lake Magdalene
8%
9,072 Lake Park
8%
34,877 Lakewood Ranch
8%
634 Lawtey
8%
21,189 Lealman
8%
3,694 Lely
8%
7,619 Lely Resort
8%
5,417 Loughman
8%
3,353 Loxahatchee Groves
8%
18,710 Lynn Haven
8%
7,303 Macclenny
8%
2,950 Malabar
8%
1,855 Malone
8%
419 Manalapan
8%
2,146 Mangonia Park
8%
8 Marineland
8%
19,034 Marion Oaks
8%
3,987 Mary Esther
8%
1,077 Masaryktown
8%
1,025 Mayo
8%
466 McIntosh
8%
9,024 Memphis
8%
642 Micanopy
8%
3,343 Montura
8%
1,657 Montverde
8%
4,817 Moon Lake
8%
5,092 Naples Park
8%
13,509 Naranja
8%
5,561 Nassau Village-Ratliff
8%
1,123 Navarre Beach
8%
232 Nobleton
8%
208 Noma
8%
1,483 North Redington Beach
8%
9,131 North Weeki Wachee
8%
2,014 Oak Hill
8%
300 Ocean Breeze
8%
6,314 Ocean City
8%
1,832 Ocean Ridge
8%
12,706 Orange City
8%
5,896 Orangetree
8%
516 Orchid
8%
6,690 Osprey
8%
103 Otter Creek
8%
1,337 Palm Beach Shores
8%
26,142 Palm River-Clair Mel
8%
4,008 Parker
8%
11,120 Pasadena Hills
8%
556 Paxton
8%
6,660 Pelican Bay
8%
5,532 Pensacola Station
8%
1,540 Pierson
8%
11,122 Pine Castle
8%
62 Pine Island
8%
3,443 Point Baker
8%
2,733 Polk City
8%
781 Pomona Park
8%
502 Ponce de Leon
8%
3,367 Ponce Inlet
8%
2,195 Quail Ridge
8%
218 Raiford
8%
3,438 Rainbow Lakes Estates
8%
1,672 Rainbow Park
8%
5,091 Rainbow Springs
8%
448 Reddick
8%
1,380 Redington Beach
8%
2,178 Redington Shores
8%
4,743 Ridge Manor
8%
980 Rio
8%
5,107 River Ridge
8%
11,226 Satellite Beach
8%
540 Sea Ranch Lakes
8%
8,362 Seffner
8%
1,992 Sewall's Point
8%
11,690 Shady Hills
8%
738 Shalimar
8%
1,703 Sneads
8%
422 Sopchoppy
8%
845 Sorrento
8%
5,082 South Bay
8%
3,703 South Beach
8%
26,858 South Bradenton
8%
16,276 Southchase
8%
6,299 Southeast Arcadia
8%
8,094 Springfield
8%
5,789 Starke
8%
8,706 St. Augustine Shores
8%
5,066 St. Augustine South
8%
1,049 Steinhatchee
8%
610 St. Lucie Village
8%
4,722 Stock Island
8%
2,221 Taft
8%
3,237 Tangerine
8%
2,530 Tavernier
8%
23,276 The Crossings
8%
15,238 Thonotosassa
8%
3,342 Tiger Point
8%
11,924 Trinity
8%
4,755 Valparaiso
8%
722 Vernon
8%
2,514 Vilano Beach
8%
845 Waldo
8%
3,868 Wallace
8%
3,018 Watertown
8%
374 Wausau
8%
16 Weeki Wachee
8%
1,138 Weeki Wachee Gardens
8%
721 Welaka
8%
3,908 West DeLand
8%
913 Westlake
8%
260 Westville
8%
2,072 Wewahitchka
8%
3,779 White City
8%
737 White Springs
8%
681 Wiscon
8%
376 Worthington Springs
8%
1,505 Yalaha
8%
2,758 Zellwood
8%
2,663 Zephyrhills North
8%
5,533 Zephyrhills West
8%
398 Acacia Villas
0%
98 Altoona
0%
4,084 Alturas
0%
2,725 Alva
0%
837 Andrews
0%
1,759 Astor
0%
103 Aucilla
0%
722 Avalon
0%
14,141 Azalea Park
0%
1,330 Babson Park
0%
19,904 Bayshore Gardens
0%
8,320 Beacon Square
0%
1,906 Bear Creek
0%
9,955 Bee Ridge
0%
2,527 Berkshire Lakes
0%
9,961 Beverly Hills
0%
1,255 Black Diamond
0%
1,855 Bokeelia
0%
1,457 Boulevard Gardens
0%
542 Bradley Junction
0%
7,670 Broadview Park
0%
16,583 Brownsville
0%
4,443 Buckingham
0%
1,890 Burnt Store Marina
0%
2,460 Cabana Colony
0%
247 Capitola
0%
318 Captiva
0%
3,148 Cedar Grove
0%
308 Chaires
0%
235 Charleston Park
0%
2,667 Charlotte Park
0%
346 Chokoloskee
0%
2,524 Chuluota
0%
1,063 Chumuckla
0%
9,302 Citrus Hills
0%
10,246 Citrus Springs
0%
3,283 Clarcona
0%
3,435 Cleveland
0%
5,911 Combee Settlement
0%
5,282 Connerton
0%
4,121 Cortez
0%
1,893 Crooked Lake Park
0%
5,768 Crystal Lake
0%
1,029 Cypress Quarters
0%
1,056 DeLand Southwest
0%
2,619 De Leon Springs
0%
720 Desoto Acres
0%
2,137 Desoto Lakes
0%
160 Dickerson City
0%
195 Dixonville
0%
2,025 East Bronson
0%
14,309 East Milton
0%
780 East Williston
0%
3,006 Eglin AFB
0%
4,129 Ellenton
0%
10,722 Fairview Shores
0%
3,607 Feather Sound
0%
548 Ferndale
0%
8,205 Fern Park
0%
137 Fidelis
0%
561 Fisher Island
0%
1,045 Fort Braden
0%
2,049 Fort Denaud
0%
78 Fort Green
0%
190 Fort Green Springs
0%
5,774 Fort Myers Shores
0%
6,904 Fort Pierce North
0%
5,209 Fort Pierce South
0%
1,025 Franklin Park
0%
15,484 Fruitville
0%
10,467 Fuller Heights
0%
5,560 Fussels Corner
0%
457 Garcon Point
0%
364 Gardner
0%
10,376 Gateway
0%
5,511 Gifford
0%
14,927 Gladeview
0%
2,170 Glencoe
0%
20,786 Glenvar Heights
0%
312 Goodland
0%
2,217 Gotha
0%
11,446 Goulds
0%
2,696 Greenbriar
0%
2,495 Grenelefe
0%
2,174 Grove City
0%
816 Gun Club Estates
0%
2,646 Harbor Bluffs
0%
3,428 Harbour Heights
0%
2,441 Harlem
0%
1,930 Harlem Heights
0%
909 Harold
0%
6,806 Heathrow
0%
1,117 Heritage Bay
0%
2,171 Heritage Pines
0%
3,873 High Point
0%
496 Hillsboro Pines
0%
4,097 Holden Heights
0%
305 Homeland
0%
999 Homestead Base
0%
551 Hosford
0%
2,176 Hurlburt Field
0%
4,988 Hutchinson Island South
0%
926 Indian Lake Estates
0%
6,584 Indian River Estates
0%
2,707 Inverness Highlands North
0%
6,698 Inverness Highlands South
0%
7,031 Inwood
0%
2,812 Island Walk
0%
126 Istachatta
0%
5,927 Jan Phyl Village
0%
12,652 Jensen Beach
0%
4,283 June Park
0%
1,186 Juno Ridge
0%
3,697 Kensington Park
0%
1,435 Kenwood Estates
0%
1,680 Key Vista
0%
1,124 Lacoochee
0%
4,330 Laguna Beach
0%
2,091 Lake Belvedere Estates
0%
49 Lake Harbor
0%
1,052 Lake Hart
0%
990 Lake Kathryn
0%
1,843 Lake Kerr
0%
90 Lake Lindsey
0%
992 Lake Mack-Forest Hills
0%
1,790 Lake Mary Jane
0%
4,072 Lake Panasoffkee
0%
3,979 Lake Sarasota
0%
12,510 Lakewood Park
0%
170 Lamont
0%
6,301 Lecanto
0%
637 Lemon Grove
0%
229 Lisbon
0%
187 Lloyd
0%
5,828 Lochmoor Waterway Estates
0%
14,058 Lockhart
0%
4,398 Lower Grand Lagoon
0%
1,326 Manasota Key
0%
2,484 Manatee Road
0%
957 Marco Shores-Hammock Bay
0%
598 Matlacha
0%
227 Matlacha Isles-Matlacha Shores
0%
7,976 McGregor
0%
2,842 Meadow Oaks
0%
10,871 Medulla
0%
677 Melbourne Village
0%
9,574 Micco
0%
383 Miccosukee
0%
7,336 Mims
0%
165 Morriston
0%
243 Mount Carmel
0%
4,417 Mount Plymouth
0%
322 Mulat
0%
3,945 Mulberry
0%
326 Munson
0%
5,132 Naples Manor
0%
11,015 New Port Richey East
0%
3,217 Nokomis
0%
1,510 North DeLand
0%
3,459 North River Shores
0%
2,418 North Sarasota
0%
2,991 Ocala Estates
0%
1,508 Ocklawaha
0%
19,673 Ojus
0%
240 Okahumpka
0%
1,743 Old Miakka
0%
2,270 Olga
0%
12,873 Olympia Heights
0%
199 Ona
0%
1,679 Oriole Beach
0%
6,806 Orlovista
0%
747 Page Park
0%
980 Paisley
0%
14,966 Palmer Ranch
0%
13,498 Palmetto Estates
0%
1,240 Palmona Park
0%
5,030 Palm Springs North
0%
735 Panacea
0%
1,260 Paradise Heights
0%
1,308 Patrick AFB
0%
3,787 Pea Ridge
0%
9,624 Pebble Creek
0%
2,453 Pelican Marsh
0%
2,190 Pine Air
0%
486 Pinecraft
0%
1,942 Pine Island Center
0%
818 Pine Lakes
0%
466 Pineland
0%
253 Pine Level
0%
4,122 Pine Manor
0%
1,717 | 11,042 Pine Ridge
0%
17,246 Pinewood
0%
752 Pioneer
0%
227 Pittman
0%
1,462 Plantation Mobile Home Park
0%
5,450 Port LaBelle
0%
10,401 Port Salerno
0%
2,911 Pretty Bayou
0%
1,620 Punta Rassa
0%
357 Raleigh
0%
8,944 Richmond Heights
0%
2,966 Ridgecrest
0%
5,064 Ridge Wood Heights
0%
5,409 Rio Pinar
0%
6,514 River Park
0%
607 Roeville
0%
2,749 Roosevelt Gardens
0%
1,591 Roseland
0%
10,114 Rotonda
0%
1,974 Royal Palm Estates
0%
4,146 Samoset
0%
4,877 Samsula-Spruce Creek
0%
18,563 San Carlos Park
0%
3,755 San Castle
0%
792 Schall Circle
0%
692 Scottsmoor
0%
2,562 Seminole Manor
0%
580 Seville
0%
3,115 Sharpes
0%
2,101 Silver Lake
0%
2,844 Silver Springs
0%
24,846 Silver Springs Shores
0%
1,210 Silver Springs Shores East
0%
7,226 Sky Lake
0%
671 Solana
0%
6,803 South Apopka
0%
6,287 Southgate
0%
6,024 South Gate Ridge
0%
5,018 South Highpoint
0%
6,496 South Patrick Shores
0%
5,133 South Sarasota
0%
465 Spring Lake
0%
442 Spring Ridge
0%
978 Stacey Street
0%
990 St. George Island
0%
3,876 St. James City
0%
277 St. Marks
0%
11,204 Sugarmill Woods
0%
4,097 Suncoast Estates
0%
2,459 Tangelo Park
0%
4,470 Taylor Creek
0%
5,037 The Meadows
0%
16,540 Three Lakes
0%
5,472 Three Oaks
0%
4,853 Tice
0%
475 Tildenville
0%
5,163 Timber Pines
0%
433 Trilby
0%
2,013 Tropical Park
0%
139 Tyndall AFB
0%
10,452 Union Park
0%
15,778 Upper Grand Lagoon
0%
2,822 Vamo
0%
3,402 Venice Gardens
0%
1,791 Verandah
0%
6,782 Vero Lake Estates
0%
2,713 Verona Walk
0%
11,687 Viera East
0%
16,688 Viera West
0%
12,687 Villas
0%
3,883 Vineyards
0%
1,627 Wabasso
0%
2,194 Wabasso Beach
0%
362 Wacissa
0%
4,409 Wahneta
0%
5,442 Warm Mineral Springs
0%
1,948 Washington Park
0%
3,459 Watergate
0%
259 Waukeenah
0%
661 Waverly
0%
8,017 Wedgefield
0%
4,247 West Bradenton
0%
272 West Canaveral Groves
0%
8,435 Westgate
0%
16,438 West Lealman
0%
10,602 West Perrine
0%
6,482 West Samoset
0%
10,039 West Vero Corridor
0%
9,923 Westview
0%
11,373 Westwood Lakes
0%
4,842 Whiskey Creek
0%
2,989 | 312 Whitfield
0%
7,908 Williamsburg
0%
2,973 Williston
0%
2,591 Williston Highlands
0%
6,806 Willow Oak
0%
9,467 Wimauma
0%
697 Winding Cypress
0%
330 Windsor
0%
3,136 Winter Beach
0%
2,741 Woodlawn Beach
0%
4,097 Woodville
0%
No matching quizzes found
Score Distribution
Percent of People with Each Score
Percentile by Number Answered
Your Score History
You have not taken this quiz